|
|
|
|
| LEADER |
00000nam a22000007a 4500 |
| 005 |
20210819132048.0 |
| 007 |
cr|||| |||| |
| 008 |
210819s2015 br |||||s|||| 00||0 por d |
| 020 |
|
|
|a 978-85-8310-047-8
|
| 035 |
|
|
|a 35101
|
| 040 |
|
|
|a vLex
|
| 090 |
|
|
|c 12063
|d 12063
|
| 100 |
1 |
|
|a de Barros Carvalho, Paulo
|
| 245 |
1 |
0 |
|a Imunidade das instituiė̳s religiosas
|h [Recurso electrn̤ico] /
|c Paulo de Barros Carvalho, Ives Gandra Da Silva Martins
|
| 256 |
|
|
|a Servicio en ln̕ea
|
| 260 |
|
|
|a San Pablo:
|b Editora Noeses,
|c 2015
|
| 300 |
|
|
|a 1 recurso electrn̤ico
|
| 500 |
|
|
|a Contm̌ quinze estudos de renomados autores da r̀ea jurd̕ica sobre temas fundamentais para a UJUSCASP: a liberdade religiosa e a imunidade de impostos e contribuiė̳s sociais que o constituinte assegura aos templos e instituiė̳s vinculadas.
|
| 506 |
1 |
|
|a Disponible solo en los productos indicados
|d vLex Global
|d vLex Global (Academic Edition, excluding Law Schools)
|d vLex Global (U.S. Academic Edition, Law Schools)
|d vLex Global (U.S. Academic Edition, excluding Law Schools)
|d vLex Global (Academic Edition, Law Schools)
|
| 650 |
0 |
4 |
|a Filosofa̕ y religin̤
|z Brasil
|
| 700 |
1 |
|
|a Da Silva Martins, Ives Gandra
|
| 740 |
0 |
|
|a vLex Libros (Servicio en ln̕ea)
|
| 856 |
4 |
0 |
|u https://app.vlex.com/#/sources/35101
|z Acceso restringido
|
| 942 |
|
|
|c BOOK
|
| 999 |
0 |
|
|a Philosophy and religion
|